Mistrzowie ligi tureckiej - Statystyki

Ogólne statystyki
  • Ten quiz został rozwiązany 126 razy
  • Średni wynik to 4 z 5
Statystyki odpowiedzi
mistrzostwa klub % Poprawnych
23 Galatasaray
97%
15 Besiktas
91%
19 Fenerbahce
83%
6 Trabzonspor
64%
1 Bursaspor
28%
Nie znaleziono quizów pasujących do podanych kryteriów
Rozkład punktacji
Procent ludzi z każdym wynikiem
Percentyl według liczby udzielonych odpowiedzi
Twoja historia wyników
Nie rozwiązałeś tego quizu